01065cam a2200265 a 450000500170000000800410001702000180005802000150007604000470009104100080013804400070014608200160015324500900016925000110025926000720027030000340034250000360037650400420041250501490045465000430060365000480064665000340069470000280072870000430075620150624155536.0120622s2011 ck a b 000 0 spa d a9789588677033 a9588677033 aUkCUcCUDdPITdOCLCFdOCLdDLCdCo-BoIAVH aspa ack 4a172.4bC26c00aColombia :buna política exterior en transición /cDiego Cardona Cardona, editor. a1. ed. 3aBogotá :bFundación Friderich Ebert en Colombia, FESCOL,c2011. a 469 p. bgraf., tab.c23 cm. aContiene anexos estadísticos. aIncluye referencias bibliográficas. aPrimera parte. Algunos asuntos de la política exterior. Segunda parte. Las prioridades geográficas. Anexos estadísticos: Federico Salcedo. 4aRelaciones exterioresy1974-zColombia 4aRelaciones exterioresxEconomíazColombia 4aPolítica exteriorzColombia1 aCardona, Diego.eEditor1 aValderrama, Juan AndréseCoordinador